All Teams Ever Managed by Rafael Benítez - Statistics

General Stats
  • This quiz has been taken 68 times
  • The average score is 6 of 14
Answer Stats
Years Answer % Correct
2004-2010 Liverpool
93%
2015-2016 Real Madrid
92%
2021-2022 Everton
78%
2012-2013 Chelsea
68%
2016-2019 Newcastle United
68%
2001-2002 Valencia
66%
2010 Inter Milan
53%
2013-2015 Napoli
51%
2023- Celta Vigo
42%
1996 Osasuna
10%
2000-2001 Tenerife
8%
2019-2021 Dalian Pro
7%
1997-1999 Extramadura
5%
1995-1995 Real Valladolid
5%
No matching quizzes found
Score Distribution
Percent of People with Each Score
Percentile by Number Answered
Your Score History
You have not taken this quiz